Cyling monuments nicknames - Statistics

General Stats
  • This quiz has been taken 7 times
  • The average score is 4 of 5
Answer Stats
Hint Answer % Correct
La Primavera Milan - San Remo
100%
l'Enfer du Nord Paris - Roubaix
100%
Vlaanderens Mooiste Tour of Flanders
86%
La Doyenne Liège - Bastogne - Liège
71%
Race of the Falling Leaves Tour of Lombardy
57%
No matching quizzes found
Score Distribution
Percent of People with Each Score
Percentile by Number Answered
Your Score History
You have not taken this quiz